Air traffic management : (Record no. 3012)
[ view plain ]
| 000 -LEADER | |
|---|---|
| fixed length control field | 02887cam a22003618i 4500 |
| 006 - FIXED-LENGTH DATA ELEMENTS--ADDITIONAL MATERIAL CHARACTERISTICS--GENERAL INFORMATION | |
| fixed length control field | m o d |
| 007 - PHYSICAL DESCRIPTION FIXED FIELD--GENERAL INFORMATION | |
| fixed length control field | cr ||||||||||| |
| 008 - FIXED-LENGTH DATA ELEMENTS--GENERAL INFORMATION | |
| fixed length control field | 221028s2023 nyu ob 001 0 eng |
| 020 ## - INTERNATIONAL STANDARD BOOK NUMBER | |
| International Standard Book Number | 9780429318856 |
| Qualifying information | (ebook) |
| 020 ## - INTERNATIONAL STANDARD BOOK NUMBER | |
| International Standard Book Number | 0429318855 |
| 020 ## - INTERNATIONAL STANDARD BOOK NUMBER | |
| International Standard Book Number | 9781000841404 |
| Qualifying information | (electronic bk. : EPUB) |
| 020 ## - INTERNATIONAL STANDARD BOOK NUMBER | |
| International Standard Book Number | 1000841405 |
| Qualifying information | (electronic bk. : EPUB) |
| 020 ## - INTERNATIONAL STANDARD BOOK NUMBER | |
| International Standard Book Number | 9781000841299 |
| Qualifying information | (electronic bk. : PDF) |
| 020 ## - INTERNATIONAL STANDARD BOOK NUMBER | |
| International Standard Book Number | 1000841294 |
| Qualifying information | (electronic bk. : PDF) |
| 020 ## - INTERNATIONAL STANDARD BOOK NUMBER | |
| Qualifying information | (hardback) |
| 020 ## - INTERNATIONAL STANDARD BOOK NUMBER | |
| Qualifying information | (paperback) |
| 040 ## - CATALOGING SOURCE | |
| Original cataloging agency | IMU Kochi Library |
| Language of cataloging | eng |
| 040 ## - CATALOGING SOURCE | |
| Original cataloging agency | IMU Kochi Library |
| Language of cataloging | eng |
| 041 0# - LANGUAGE CODE | |
| Language code of text/sound track or separate title | eng |
| 082 00 - DEWEY DECIMAL CLASSIFICATION NUMBER | |
| Classification number | 629.1366 |
| Edition number | 23 |
| 245 00 - TITLE STATEMENT | |
| Title | Air traffic management : |
| Sub Title | principles, performances, markets / |
| 250 ## - EDITION STATEMENT | |
| Edition statement | 1 Edition. |
| 260 ## - PUBLICATION, DISTRIBUTION, ETC. (IMPRINT) | |
| Place of publication, distribution, etc | New York : |
| Name of publisher, distributor, etc | Taylor & Francis, |
| Date of publication, distribution, etc | 2023 |
| 300 ## - PHYSICAL DESCRIPTION | |
| Extent | 1 online resource |
| 520 ## - SUMMARY, ETC. | |
| Summary, etc | "This textbook is designed for undergraduate students studying airspace engineering, as well as undergraduate and postgraduate students studying air transport management. It will also be very helpful for the training of air traffic control officers. The textbook does not require any prior (specialist) knowledge as it is an introduction to the Air Navigation Service Providers (ANSPs) business. There is very little literature available that gives a detailed appreciation of the complexities, potential risks and issues associated with the provision of air navigation services. The role of this textbook is to fill this significant gap with a comprehensive, in-depth study of the management principles related to Air Navigation Service Providers. This is particularly timely given recent ATC developments in Europe, USA, and New Zealand. Airlines and airports rely on the Air Navigation Service Providers (ANSPs) for the management of air traffic. Hence, Air Navigation Services (ANS) provision is considered as a core element for air transportation. This textbook addresses each of the Air Navigation Services' five broad categories of services provided to air traffic during all phases of operation: Air Traffic Management (ATM), Communication services, Navigation services and Surveillance services (CNS), Meteorological services for air navigation (MET), Aeronautical Information Services (AIS) and Search and Rescue (SAR). This textbook is designed for undergraduate students studying airspace engineering and undergraduate and postgraduate students studying air transport management. It will also be very helpful for the training of air traffic control officers. The textbook does not require any prior (specialist) knowledge as it is an introduction book to the Air Navigation Service Providers (ANSPs) business"-- |
| 650 #0 - SUBJECT ADDED ENTRY--TOPICAL TERM | |
| Topical term or geographic name as entry element | Air traffic control. |
| 700 1# - ADDED ENTRY--PERSONAL NAME | |
| Personal name | Efthymiou, Marina |
| Relator term | Editor |
| 852 ## - LOCATION/CALL NUMBER | |
| Location | IMU Kochi Library |
| 856 40 - ELECTRONIC LOCATION AND ACCESS | |
| Uniform Resource Identifier | <a href="https://www.taylorfrancis.com/books/9780429318856">https://www.taylorfrancis.com/books/9780429318856</a> |
| 904 ## - LOCAL DATA ELEMENT D, LDD (RLIN) | |
| CATALOGER | Rudra Ranjan |
| 905 ## - LOCAL DATA ELEMENT E, LDE (RLIN) | |
| VERIFIER | Rudra Ranjan |
| 942 ## - ADDED ENTRY ELEMENTS (KOHA) | |
| Item type | E-Book |
No items available.